000 00642nam a22002171i 4500
001 000030716
003 RuMoIPM
005 20260602125017.0
008 130115s1969----ur | c rus
040 _aRuMoIPM
_brus
_ercr
041 0 _arus
044 _aru
080 _a511.176
100 1 _aВоробьев, Николай Николаевич
245 1 _aЧисла Фибоначчи
_cН. Н. Воробьев
250 _a3-е изд., доп.
260 _aМосква
_bНаука
_c1969
300 _a110 с.
_bчерт.
490 0 _aПопулярные лекции по математике
_vВып. 6
942 _cBK
999 _c30716
_d30716